000 00611cam a2200193 4500500
005 20260329001749.0
041 _afre
042 _adc
100 1 0 _aDennehy, Myriam
_eauthor
245 0 0 _aEt si… on pouvait acheter toutes les drogues au supermarché ?
260 _c2009.
500 _a68
690 _aAvital Ronell
690 _aDéconstruction
690 _aDrogues
690 _aPsychédélisme
786 0 _nPhilosophie magazine | 28 | 4 | 2009-04-01 | p. 27-28 | 1951-1787
856 4 1 _uhttps://shs.cairn.info/magazine-philosophie-magazine-2009-4-page-27?lang=fr&redirect-ssocas=7080
999 _c1808422
_d1808422